Pathology and intervention in musculoskeletal rehabilitation / (رقم التسجيلة. 31579)

تفاصيل مارك
000 -الفاتح
حقل البيانات ثابتة الطول 03504cam a22004814a 4500
001 - رقم الضبط
رقم الضبط 16339836
003 - محدد رقم الضبط
رقم الضبط OSt
005 - وقت وتاريخ اخر تعامل مع التسجيلة
رقم الضبط 20180902183717.0
007 - الحقل الثابت للوصف المادى- معلومات عامة
حقل البيانات ثابتة الطول co ugu||||||||
008 - عناصر البيانات ثابتة الطول - معلومات عامة
حقل البيانات ثابتة الطول 100719s2009 moua b 001 0 eng c
010 ## - رقم ضبط مكتبة الكونجرس
رقم ضبط مكتبة الكونجرس 2010455568
015 ## - رقم الببليوجرافية الوطنية
رقم الببليوجرافية الوطنية GBA894134
المصدر bnb
016 7# - رقم ضبط الوكاله الوطنية للضبط الببليوجرافي
رقم ضبط التسجيلة 101487640
المصدر DNLM
016 7# - رقم ضبط الوكاله الوطنية للضبط الببليوجرافي
رقم ضبط التسجيلة 014680617
المصدر Uk
020 ## - الرقم الدولى المعيارى للكتب
الرقم الدولى المعيارى للكتاب 9781416002512 (hbk.)
020 ## - الرقم الدولى المعيارى للكتب
الرقم الدولى المعيارى للكتاب 1416002510 (hbk.)
020 ## - الرقم الدولى المعيارى للكتب
الرقم الدولى المعيارى للكتاب 9780323310727
035 ## - رقم ضبط النظام
رقم ضبط النظام (OCoLC)ocn276668718
040 ## - مصدر الفهرسة
وكالة الفهرسة الأصلية NLM
وكالة النسخ NLM
وكالة التعديل AU@
-- UKM
-- BTCTA
-- BAKER
-- YDXCP
-- BWX
-- MOU
-- NEH
-- CDX
-- NCECU
-- DLC
042 ## - رمز التحقق
رمز التحقق pcc
050 00 - رقم طلب مكتبة الكونجرس
رقم التصنيف RC925.5
رقم المادة .P28 2008
060 00 - رقم الطلب بالمكتبة الطبية الوطنية
رقم التصنيف 2008 L-795
060 10 - رقم الطلب بالمكتبة الطبية الوطنية
رقم التصنيف WE 140
رقم المادة P297 2009
082 00 - رقم تصنيف ديوى العشرى
رقم التصنيف 616.7
رقم الطبعة 22
رقم المادة PAI
245 00 - بيان العنوان
العنوان Pathology and intervention in musculoskeletal rehabilitation /
بيان المسئوليه,etc editors, David J. Magee, James E. Zachazewski, William S. Quillen ; editorial consultant, Bev Evjen.
260 ## - PUBLICATION, DISTRIBUTION, ETC. (IMPRINT)
مكان الناشر او الموزع St. Louis, Mo. :
اسم الناشر او الموزع Saunders/Elsevier,
تاريخ النشر أو التوزيع c2009.
300 ## - الوصف المادى
التعداد xv, 974 p. :
تفاصيل ماديه اخرى للوعاء ill. +
المادة المصاحبة 1 CD-ROM (4 3/4 in.)
440 #0 - بيان السلسلة/مدخل إضافى-العنوان
العنوان Musculoskeletal rehabilitation series
9 (RLIN) 38594
504 ## - تبصرة ببليوجرافية
تبصرة ببليوجرافية,الخ Includes bibliographical references and index.
505 0# - تبصرة محتويات-الفهرس
تبصرة المحتويات المصاغة 1. Patient education, motivation, compliance and adherence to physical activity, exercise and rehabilitation -- 2. Cervical spine -- 3. Temporomandibular disorders-- 4. Shoulder trauma and hypomobility -- 5. Shoulder instability and impingement syndrome -- 6. Elbow -- 7. Hand, wrist and digit Injuries -- 8. Integrated, multimodal approach to the thoracic spine and ribs -- 9. Low back pain: causes and differential diagnosis -- 10. Lumbar spine: treatment of hypomobility and disc conditions -- 11. Lumbar spine: treatment of instability and disorders of movement control -- 12. Spinal pathology: nonsurgical intervention -- 13. Spinal pathology, conditions and deformities: surgical intervention -- 14. Integrated multimodal approach to the treatment of pelvic girdle pain and dysfunction -- 15. Hip pathologies: diagnosis and intervention -- 16. Knee: ligamentous and patellar tendon injuries -- 17. Injuries to the meniscus and articular cartilage -- 18. Patellofemoral joint -- 19. Rehabilitation of leg, ankle and foot injuries -- 20. Peripheral nerve injuries -- 21. Repetitive stress pathology: bone -- 22. Repetitive stress pathology: soft tissue -- 23. Musculoskeletal developmental disorders -- 24. Pediatric and adolescent considerations -- 25. Shoulder arthroplasty -- 26. Physical rehabilitation after total hip arthroplasty -- 27. Physical rehabilitation after total knee arthroplasty -- 28. Management of osteoarthritis and rheumatoid arthritis -- 29. Systemic bone diseases: medical and rehabilitation intervention -- 30. Muscle disease and dysfunction -- 31. Fibromyalgia and related disorders.
538 ## - تبصرة تفاصيل النظام
تبصرة التفاصيل الفنية لملف الحاسب System requirements for accompanying CD-ROM: Windows; Mac.
650 #0 - المدخل الاضافى بالموضوع-مصطلح موضوعى
مصطلح موضوعي أو اسم جغرافي كعنصر مدخل Musculoskeletal system
التقسيم الفرعي العام Diseases
-- Patients
-- Rehabilitation.
9 (RLIN) 10179
650 #0 - المدخل الاضافى بالموضوع-مصطلح موضوعى
مصطلح موضوعي أو اسم جغرافي كعنصر مدخل Musculoskeletal system
التقسيم الفرعي العام Wounds and injuries
-- Treatment.
9 (RLIN) 38595
650 12 - المدخل الاضافى بالموضوع-مصطلح موضوعى
مصطلح موضوعي أو اسم جغرافي كعنصر مدخل Musculoskeletal Diseases
التقسيم الفرعي العام pathology.
9 (RLIN) 38596
650 12 - المدخل الاضافى بالموضوع-مصطلح موضوعى
مصطلح موضوعي أو اسم جغرافي كعنصر مدخل Musculoskeletal Diseases
التقسيم الفرعي العام rehabilitation.
9 (RLIN) 38597
650 22 - المدخل الاضافى بالموضوع-مصطلح موضوعى
مصطلح موضوعي أو اسم جغرافي كعنصر مدخل Wounds and Injuries
التقسيم الفرعي العام rehabilitation.
9 (RLIN) 38598
700 1# - المدخل الاضافى - اسم شخصى
الإسم الشخصى Magee, David J.
9 (RLIN) 10173
700 1# - المدخل الاضافى - اسم شخصى
الإسم الشخصى Zachazewski, James E.
9 (RLIN) 38599
700 1# - المدخل الاضافى - اسم شخصى
الإسم الشخصى Quillen, William S.
9 (RLIN) 38600
906 ## - عنصر بيانات محلى F, LDF (RLIN)
a 7
b cbc
c pccadap
d 2
e ncip
f 20
g y-gencatlg
942 ## - عناصر المدخل الإضافي( كوها)
مصدر التصنيف او مخطط الترفيف Dewey Decimal Classification
Koha [default] item type كتاب
المقتنيات
حالة الفقد نموذج السعر الفعال حالة تلف ليس للاعارة رقم الطلب تاريخ الاكتساب الموقع الحالي الباركود الفرع الرئيسي Total Renewals Date last checked out Date last seen نوع المادة فى نظام كوها مصدر التصنيف او خطة الترفيف Total Checkouts
  2013-10-29     616.7 PAI 2013-10-29 المكتبة المركزية بالمجمعة (CL) 00402672 المكتبة المركزية بالمجمعة (CL) 1 2021-09-06 2021-11-09 كتاب Dewey Decimal Classification 2
  2013-10-29     616.7 PAI 2013-10-29 المكتبة المركزية بالمجمعة (CL) 00402673 المكتبة المركزية بالمجمعة (CL)     2013-10-29 كتاب Dewey Decimal Classification  
  2013-10-29     616.7 PAI 2013-10-29 المكتبة المركزية بالمجمعة (CL) 00402674 المكتبة المركزية بالمجمعة (CL)     2013-10-29 كتاب Dewey Decimal Classification  
  2015-10-15     616.7 PAI 2015-10-15 مكتبة كلية العلوم الطبية التطبيقية بالمجمعة - طالبات (AMF) 00654442 مكتبة كلية العلوم الطبية التطبيقية بالمجمعة - طالبات (AMF)     2015-10-15 كتاب Dewey Decimal Classification  
  2018-09-04     616.7 PAI 2018-09-04 مكتبة كلية العلوم الطبية التطبيقية بالمجمعة - طالبات (AMF) 00657850 مكتبة كلية العلوم الطبية التطبيقية بالمجمعة - طالبات (AMF)   2020-01-30 2020-02-09 كتاب Dewey Decimal Classification 1
  2013-10-29     616.7 PAI 2013-10-29 مكتبة مجمع الكليات بالزلفى - طلاب (SZM) 00402675 مكتبة مجمع الكليات بالزلفى - طلاب (SZM)     2013-10-29 كتاب Dewey Decimal Classification  
  2013-10-29     616.7 PAI 2013-10-29 مكتبة مجمع الكليات بالزلفى - طلاب (SZM) 00402676 مكتبة مجمع الكليات بالزلفى - طلاب (SZM)     2013-10-29 كتاب Dewey Decimal Classification  
  2013-10-29     616.7 PAI 2013-10-29 مكتبة مجمع الكليات بالزلفى - طلاب (SZM) 00402677 مكتبة مجمع الكليات بالزلفى - طلاب (SZM)     2013-10-29 كتاب Dewey Decimal Classification